Olivia Rodrigo song lyrics - No hints ! @6 - Statistics

General Stats
  • This quiz has been taken 77 times
    76 since last reset
  • The average score is 303 of 395
Answer Stats
Answer % Correct
I
100%
you
98%
You
98%
a
95%
an
95%
And
95%
and
95%
the
93%
The
93%
he
88%
love
88%
me
88%
on
85%
always
83%
go
83%
in
83%
it
83%
know
83%
Like
83%
like
83%
that
83%
to
83%
so
80%
was
80%
we
80%
you're
80%
You're
80%
at
78%
bed
78%
'cause
78%
'Cause
78%
of
78%
One
78%
bar
75%
been
75%
bored
75%
But
75%
but
75%
closes
75%
eleven
75%
ever
75%
had
75%
Had
75%
internet
75%
"Just
75%
just
75%
never
75%
night
75%
Oh
75%
stalked
75%
standin'
75%
this
75%
up
75%
us
75%
vision
75%
all
73%
All
73%
Have
73%
have
73%
hope
73%
It's
73%
Kiss
73%
might
73%
my
73%
standing
73%
angel
70%
beer
70%
dead
70%
drop
70%
feminine
70%
finish
70%
Gemini
70%
got
70%
Heaven"
70%
how
70%
I've
70%
lookin'
70%
out
70%
Pisces
70%
then
70%
think
70%
together
70%
Yeah
70%
(Ah)
68%
bathroom
68%
could
68%
here
68%
I'm
68%
intuition
68%
nice
68%
now
68%
pretty
68%
words
68%
alive
65%
I'd
65%
if
65%
If
65%
most
65%
real
65%
Tell
65%
Versailles
65%
walls
65%
why
65%
feel
63%
forever
63%
France
63%
Japan
63%
let
63%
or
63%
pressed
63%
really
63%
right
63%
slow
63%
stay
63%
throw
63%
world
63%
gut
60%
Left
60%
made
60%
make
60%
punch
60%
Well
60%
whole
60%
wrote
60%
boy
58%
bunch
58%
chewing
58%
gum
58%
home
58%
line
58%
paranoid
58%
them
58%
walked
58%
damn
55%
Eurostar
55%
ground
55%
Let's
55%
let's
55%
stuff
55%
taken
55%
fall
53%
hook
53%
off
53%
hand
50%
held
50%
hints
50%
promise
50%
can
48%
Clothes
48%
droppin'
48%
steady
48%
goddamn
45%
maybe
45%
No matching quizzes found
Score Distribution
Percent of People with Each Score
Percentile by Number Answered
Your Score History
You have not taken this quiz since the last reset